The Art of Looking Sideways : (Record no. 580927)

MARC details
000 -LEADER
fixed length control field 00465nam a2200193 a 4500
008 - FIXED-LENGTH DATA ELEMENTS--GENERAL INFORMATION
fixed length control field 250812s2001##################000#0#eng##
020 ## - INTERNATIONAL STANDARD BOOK NUMBER
ISBN 9780714834498
082 04 - DEWEY DECIMAL CLASSIFICATION NUMBER
Classification number 700
Item number FLE
100 1# - MAIN ENTRY--AUTHOR NAME
Personal name Fletcher, Alan,
245 10 - TITLE STATEMENT
Title The Art of Looking Sideways :
260 ## - PUBLICATION, DISTRIBUTION, ETC. (IMPRINT)
Name of publisher Phaidon Press,
Year of publication 2001.
300 ## - PHYSICAL DESCRIPTION
Number of Pages 534 pages
650 #0 - SUBJECT ADDED ENTRY--TOPICAL TERM
Topical Term Design.
942 ## - ADDED ENTRY ELEMENTS (KOHA)
Koha item type English Books
Holdings
Withdrawn status Lost status Damaged status Not for loan Home library Current library Shelving location Date acquired Full call number Accession Number Price effective from Koha item type
        Anna Centenary Library Anna Centenary Library 6TH FLOOR, B WING 12.08.2025 700 FLE 284207 12.08.2025 English Books

Find us on the map